Statistics for Upside Down Country Names

Click here to take the quiz!

General Stats

  • This quiz has been taken 327 times
    (307 since last reset)
  • The average score is 17 of 20

Answer Stats

uʍop ǝpᴉsd∩Country% Correct
uɐʇsᴉʞǝqz∩Uzbekistan
97%
ɐʞuɐ˥ ᴉɹSSri Lanka
96%
ɐᴉsʎɐlɐWMalaysia
94%
ɯɐuʇǝᴉΛVietnam
94%
uɐʇszʎƃɹʎʞKyrgyzstan
92%
soɹoɯoƆComoros
92%
ɐuᴉɥƆChina
92%
nɹnɐNNauru
91%
puɐloԀPoland
89%
ɐᴉpoqɯɐƆCambodia
88%
puɐlǝɔIIceland
86%
sǝllǝɥɔʎǝSSeychelles
85%
ɐᴉɔn˥ ʇuᴉɐSSaint Lucia
83%
sǝuᴉddᴉlᴉɥԀPhilippines
78%
uɐpɹoſJordan
77%
lɐƃnʇɹoԀPortugal
75%
ǝuᴉɐɹʞ∩Ukraine
74%
ɐpɐuɐƆCanada
71%
ʎuɐɯɹǝפGermany
68%
ʎɐnƃɐɹɐԀParaguay
66%

Score Distribution

Percentile by Number Answered

Percent of People with Each Score

Your Score History

You have not taken this quiz since the last reset